00439nam a2200157 a 4500008004100000020001500041050001600056100002000072245002000092246006400112260002600176300002300202350000900225650003400234650001300268120416s1993 ||||||||||||||||| || u a0582081165 aHD 4431 Mas aMassam, Bryan H14aThe right place ashared responsibility and the location of public facilities aHarlowbLongmanc1993 axviii, 321p. : ill a0.00 aPUBLIC FACILITIES--MANAGEMENT 0aBUSINESS